Timisoara physical education & rehabilitation journal

Bibliographic Details
Corporate Author: Universitatea de Vest din Timișoara
Format: Electronic Journal
Language:English
Published: Timişoara : Editura Universităţii de Vest, [2008]-
Warsaw, Poland : DE GRUYTER OPEN
Subjects:
Online Access:Full text available from Research Library: 01/01/2008 to present

MARC

LEADER 00000nas a2200000 i 4500
001 ssj0001078595
003 WaSeSS
005 20200512172242.0
006 m d
007 cr n
008 110223c20099999pl fr p s 0 0eng c
010 |a  2014265040 
022 |a 2199-6040  |l 2065-0574 
035 |a (WaSeSS)ssj0001078595 
040 |a CCT  |b eng  |e pn  |c CCT  |d OCLCQ  |d CUS  |d CNU  |d OCLCF  |d CUS  |d DLC  |d OCLCO  |d DLC  |d OCL  |d OCLCO  |d VT2  |d WaSeSS 
041 |a eng  |b eng  |b rum 
042 |a pcc 
050 0 0 |a GV201 
210 0 |a Timisoara phys. educ. and rehabil. j.  |b (Internet) 
222 0 |a Timisoara physical education and rehabilitation journal  |b (Internet) 
245 0 0 |a Timisoara physical education & rehabilitation journal  |h [electronic resource]. 
246 1 3 |a TPERJ 
246 1 |a Timisoara physical education and rehabilitation journal 
246 1 |a Journal of West University of Timisoara 
260 |a Timişoara :  |b Editura Universităţii de Vest,  |c [2008]- 
260 3 |3 <2014->:  |a Warsaw, Poland :  |b DE GRUYTER OPEN 
310 |a Semiannual 
362 1 |a Began with: Volume 1, issue 1 (2008-2009). 
506 |a License restrictions may limit access. 
546 |a In English, with abstracts in English and Romanian. 
588 |a Description based on: Volume 1, issue 1 (2008-2009); title from journal home page (publisher's Web site, viewed September 17, 2014). 
588 |a Latest issue consulted: Volume 8, Issue 15 (Dec. 2015) (DE GRUYTER OPEN, viewed July 8, 2016). 
650 0 |a Physical education and training  |v Periodicals. 
650 0 |a Exercise therapy  |v Periodicals. 
650 0 |a Sports  |v Periodicals. 
650 7 |a Exercise therapy  |2 fast  |0 (OCoLC)fst00918063 
650 7 |a Physical education and training.  |2 fast  |0 (OCoLC)fst01062401 
650 7 |a Sports.  |2 fast  |0 (OCoLC)fst01130432 
655 0 |a Electronic journals. 
710 2 |a Universitatea de Vest din Timișoara. 
776 0 8 |i Print version:  |t Timisoara Physical Education & Rehabilitation Journal  |x 2065-0574 
850 |a DLC 
856 4 0 |z Full text available from Research Library: 01/01/2008 to present  |u https://search.proquest.com/publication/136212